000 00517nam a2200181 i 4500
001 50204
003 ES-MaACL
007 t|
008 030801s1948 sp ||||1| spa d
100 1 _aCuesta, Salvador.
_942049
245 1 0 _aOntologĂ­a /
_cSalvador Cuesta.
260 _aSantander :
_bSal Terrae,
_c1948 (
_fJ. MartĂ­nez)
300 _aXXIII, 526 p. ;
_c23 cm.
490 1 _aBiblioteca Comillensis
830 0 _aBiblioteca Comillensis
_9181666
852 _aES-MaACL
_jE-346
_bR.26447
999 _c50204
_d50204